Геохимические особенности золотоносных кор выветривания участка Январский (Салаир); Проблемы геологии и освоения недр

מידע ביבליוגרפי
Parent link:Проблемы геологии и освоения недр.— 2009.— С. 151-153
מחבר ראשי: Лесняк Д. В.
מחברים אחרים: Ворошилов В. Г. (научный руководитель)
שפה:רוסית
יצא לאור: 2009
נושאים:
פורמט: Book Chapter
KOHA link:https://koha.lib.tpu.ru/cgi-bin/koha/opac-detail.pl?biblionumber=180720

MARC

LEADER 00000naa2a2200000 4500
001 180720
005 20231031170846.0
035 |a (RuTPU)RU\TPU\book\195916 
090 |a 180720 
100 |a 20100525d2009 k y0rusy50 ca 
101 0 |a rus 
102 |a RU 
200 1 |a Геохимические особенности золотоносных кор выветривания участка Январский (Салаир)  |f Д. В. Лесняк  |g науч. рук. В. Г. Ворошилов 
320 |a Библиогр.: 2 назв. 
463 0 |0 (RuTPU)RU\TPU\book\186895  |y 978-5-98298-569-9  |t Проблемы геологии и освоения недр  |o труды XIII Международного симпозиума имени академика М. А. Усова студентов и молодых ученых, посвященного 110-летию со дня рождения К. В. Радугина  |f Томский политехнический университет (ТПУ), Институт геологии и нефтегазового дела (ИГНД)  |v С. 151-153  |d 2009  |p 993 с. 
610 1 |a золотоносность 
610 1 |a кора выветривания 
610 1 |a геохимические особенности 
610 1 |a Январский участок 
610 1 |a геохимические ассоциации 
610 1 |a труды учёных ТПУ 
700 1 |a Лесняк  |b Д. В. 
702 1 |a Ворошилов  |b В. Г.  |4 727 
801 1 |a RU  |b 63413507  |c 20100525 
942 |c BK